000 00837nam a22002777a 4500
001 5033
003 FISKH
005 20241128080149.0
008 241101b cb ||||| |||| 00| 0 eng d
020 _a078073003501
040 _aFISKH
_beng
_cFISKH
_dFISKH
050 _aPZ7.C67347
082 _a428.6
100 _aCole, Joanna
_d(1944–2020)
245 _aThis is the place for me /
_cby Joanna Cole pictures by William Van Horn
250 _a1986
260 _aNew York :
_bScholastic,
_c1986.
300 _a30 pages :
_bColor illustrations ;
_c21 cm
505 _aG
520 _aMorty the bear is looking for a house, but he has a difficult time finding the perfect one.
521 8 _a300L
_bLexile
650 _2Fiction
_aFeelings
700 _aHorn, Van William
_dIllustrator
942 _2ddc
_cBK
_n0
999 _c5033
_d5033